000 00960cam a22002414a 4500
005 20250605164246.0
008 250528s ||||||||||||||||||||||||d
035 _a21502
020 _a9780582277656
040 _aGR-AtMCL
_bgre
_dGR-AtMCL
_eAACR2
245 1 _aINTRODUCTION TO INTERNATIONAL ECONOMICS
250 _a1
260 _bPrentice Hall Europe,
_c1996
300 _a391
505 0 _aINTRODUCTION THE WORLD ECONOMY THE BALANCE OF PAYMENTS INTERNATIONAL TRADE THEORY INTERNATIONAL PRODUCTION FACTORS DIRECT INVESTMENT AND MULTINATIONAL ENTERPISES TRADE POLICY MODERN ARGUMENTS
520 _aINTRODUCTION THE WORLD ECONOMY THE BALANCE OF PAYMENTS INTERNATIONAL TRADE THEORY INTERNATIONAL PRODUCTION FACTORS DIRECT INVESTMENT AND MULTINATIONAL ENTERPISES TRADE POLICY MODERN ARGUMENTS
700 1 _aJager Henk
_93419
700 1 _aJepma Catrinus J
_93420
700 1 _aKamphuis Elise
_93421
942 _cBK
999 _c6564
_d6564